00269nam a2200097Ia 45000010005000000080041000050820028000461000035000742450038001092600024001471713241024s9999 xx 000 0 und d aRD/372.6/R426g/2010/v.1 aRepública Dominicana. MINERD 0aGuía Didáctica. Nivel Inicial bSanto Domingoc2010